| 000 | 00817nam a2200193 i 4500 | ||
|---|---|---|---|
| 001 | 70376 | ||
| 003 | ES-MaACL | ||
| 005 | 20240125215136.0 | ||
| 007 | t| | ||
| 008 | 040722s1916 sp ||||1| spa d | ||
| 100 | 1 |
_aGarcía Sanchiz, Federico, _d1886-1964 _955269 |
|
| 245 | 1 | 3 |
_aEl arte de Anglada _b: floreal : [exposición Anglada Camarasa, organizada por el Círculo de Bellas Artes en el Palacio de Exposiciones del Retiro] / _cconferencia hablada por D. Federico García Sanchiz el día 11 de julio de 1916, en el local de la exposición. |
| 260 |
_aMadrid : _b[s.n.], _c1916 ( _fA. de Angel Alcoy) |
||
| 300 |
_a14 p. ; _c17 cm. |
||
| 600 | 1 | 4 |
_aAnglada Camarasa, Hermenegildo. _921737 |
| 710 | 2 |
_aCírculo de Bellas Artes (Madrid) _92817 |
|
| 852 |
_aES-MaACL _j1547-F-11 |
||
| 999 |
_c70376 _d70376 |
||